• 首页
  • 本馆介绍
  • 公告通知
  • 最新文献
  • 馆藏检索
  • 电子资源
  • 读者导购
  • 参考咨询
  • 我的图书馆
  • 登录
  • 详细信息显示
  • 放入我的书架
  • 预约/预借图书
  • 作者相关作品
  • 分类相关作品
  • 丛书相关作品
  • 出版社相关作品

书目信息

  • 表格格式
  • 工作单格式
  • 卡片格式
题名:
记叙文写作导引
    
 
作者: 吴祖兴 著
分册:  
出版信息: 北京   清华大学出版社  1989.02
页数: 197页
开本: 21cm
丛书名:
单 册:
中图分类: H152.1
科图分类:
主题词: 汉语--记叙文--写作
电子资源:
ISBN: 7-302-00393-9
000 00543nam0 2200193 45
001 0404281660
005 20050414141837.6
010    @a7-302-00393-9@dCNY2.90
100    @a20040428d1989 km y0chiy0120 ea
101 0  @achi
105    @a z 000yy
200 1  @a记叙文写作导引@AJi Xu Wen Xie Zuo Dao Yin@f吴祖兴著@FWu Zu Xing Zhu
210    @a北京@c清华大学出版社@d1989.02
215    @a197页@d21cm
606 0  @a汉语@x记叙文@x写作
690    @aH152.1@v3
701  0 @a吴祖兴@4著
801    @aCN@bPftUser@c20040428
905    @dH152.1@e211@f1@b242079
    
    记叙文写作导引/吴祖兴著.-北京:清华大学出版社,1989.02
    197页;21cm
    
    
    ISBN 7-302-00393-9:CNY2.90
    
●
相关链接 在E读中查询图书 在五车中查询图书 在当当中查询图书 在豆瓣中查询图书


正题名:记叙文写作导引     索取号:H152.1/211         预约/预借

序号 登录号 条形码 馆藏地/架位号 状态 备注
1 0242079   002003405   第四借阅区/ [索取号:H152.1/211] 在馆    
2 0242080   000854622   第四借阅区/ [索取号:H152.1/211] 在馆    
3 0242081   000854542   第四借阅区/ [索取号:H152.1/211] 在馆    
4 0242082   000854613   第二样本阅览室/ [索取号:H152.1/211] 在馆    
唐山师范学院图书馆 欢迎您!
大连网信软件有限公司© 版权所有